Wartime problems of state and local finance (Record no. 433727)

000 -LEADER
fixed length control field 00362cam a22001217a 4500
008 - FIXED-LENGTH DATA ELEMENTS--GENERAL INFORMATION
fixed length control field 180718b1943 xxu||||| |||| 00| 0 eng d
082 ## - DEWEY DECIMAL CLASSIFICATION NUMBER
Classification number Lsx73 T198
100 ## - MAIN ENTRY--PERSONAL NAME
Personal name Buck, A. E.
245 ## - TITLE STATEMENT
Title Wartime problems of state and local finance
Statement of responsibility, etc. by A. E. Buck...[et. al.]
260 ## - PUBLICATION, DISTRIBUTION, ETC.
Place of publication, distribution, etc. Philadelphia
Name of publisher, distributor, etc. Tax Institute
Date of publication, distribution, etc. 1943
300 ## - PHYSICAL DESCRIPTION
Extent 267p.
650 ## - SUBJECT ADDED ENTRY--TOPICAL TERM
Topical term or geographic name entry element Finance , Public --USA
Holdings
Withdrawn status Lost status Damaged status Not for loan Permanent Location Current Location Date acquired Full call number Barcode Date last seen Price effective from Koha item type
        Indian Institute of Public Administration Indian Institute of Public Administration 2010-02-10 Lsx73 T198 18517 2018-07-21 2018-07-21 Book

Powered by Koha